Financial Accounting (Record no. 703147)

MARC details
000 -LEADER
fixed length control field 00612nam a2200229Ia 4500
003 - CONTROL NUMBER IDENTIFIER
control field OSt
005 - DATE AND TIME OF LATEST TRANSACTION
control field 20220927114220.0
008 - FIXED-LENGTH DATA ELEMENTS--GENERAL INFORMATION
fixed length control field 220926b |||||||| |||| 00| 0 eng d
037 ## - SOURCE OF ACQUISITION
Terms of availability Textbook
040 ## - CATALOGING SOURCE
Original cataloging agency RTL
Transcribing agency RTL
Language of cataloging eng
041 ## - LANGUAGE CODE
Source of code eng
Language code of text/sound track or separate title eng
100 ## - MAIN ENTRY--PERSONAL NAME
Personal name Schattke R.W
9 (RLIN) 387224
245 #0 - TITLE STATEMENT
Title Financial Accounting
Remainder of title Concepts and Uses
260 ## - PUBLICATION, DISTRIBUTION, ETC.
Place of publication, distribution, etc. Allay
Name of publisher, distributor, etc. and Bacon London
Date of publication, distribution, etc. 1978
700 ## - ADDED ENTRY--PERSONAL NAME
Personal name Jensen H.G
9 (RLIN) 387225
942 ## - ADDED ENTRY ELEMENTS (KOHA)
Classification part "X:8C, L8"
Koha item type
Holdings
Withdrawn status Lost status Damaged status Not for loan Home library Current library Date acquired Total Checkouts Full call number Barcode Date last seen Price effective from Koha item type
        Ratan Tata Library Ratan Tata Library 2022-09-27   "X:8C L8" RT0646115 2022-09-27 2022-09-27 Textbook
Copyright @ Delhi University Library System